Architekt Svetko spomienky z nepokojných čias : nepokojné úvahy zo súčasnosti

Bibliographic Details
Main Author: Čomaj, Ján, 1935-2020 (Author)
Format: Book
Language:Slovak
PhysicalDescription:121 s. ilustr., fotogr., plány, mapy 24 x 31 cm
Published: Čadca Magma [2006]
ISBN:8089172075
Edition:[1. vyd.]
Subjects:

MARC

LEADER 00000nam a22000005a 4500
001 vtls008833517
003 SK-MaSNL
005 20260426002135.0
008 240318s2006 xo oe g 000 0bslo
015 |a SNBA2006/09-04967 
020 |a 8089172075  |q (viaz.) 
035 |a 44588FBA-1363-44A0-963C-027C65F412B9 
035 |a urn:nbn:sk:snk-amkyu9 
035 |a urn:nbn:sk:snk-am008poq 
040 |a SNK  |b slo  |c SNK  |e AACR2 
041 0 |a slo 
043 |a e-xo--- 
044 |a xo  |c SK 
072 7 |a 72  |x Architektúra2 konspekt  |2 konspekt 
080 |a 72.071.1  |2 2001 
080 |a (437.6)  |2 2001 
080 |a (048.8)  |2 2001 
100 1 |a Čomaj, Ján,  |d 1935-2020  |4 aut  |9 98315 
245 1 0 |a Architekt Svetko  |b spomienky z nepokojných čias : nepokojné úvahy zo súčasnosti  |c Ján Čomaj 
250 |a [1. vyd.] 
260 |a Čadca  |b Magma  |c [2006] 
300 |a 121 s.  |b ilustr., fotogr., plány, mapy  |c 24 x 31 cm 
648 7 |a 20.-21. stor.  |2 SNKPH  |9 270701 
650 0 7 |a architektúra  |2 SNKPH  |9 722 
651 7 |a Slovensko  |2 SNKPH  |9 14231 
655 7 |a monografie  |2 SNKPH  |9 70139 
919 |a 80-89172-07-5 
958 |a OND 
999 |c 910906  |d 912836 
952 |a SNK  |b SNK  |y PREZ  |7 0  |p 17A0517477  |o snkSC 124328  |i snk2006/14793  |8 0  |0 0  |1 0  |4 0  |d 2006-07-26  |f 1  |l 0  |r 2025-06-06 00:00:00  |w 2026-02-24 
952 |a SNK  |b SNK  |y VYP  |7 0  |p 17A0517476  |o snkSC 124328 D1  |i snk2006/14794  |8 0  |0 0  |1 0  |4 0  |d 2006-07-26  |l 0  |r 2026-02-24 07:42:49  |w 2026-02-24